[Event "AUTO-MASTER-1035"]
[Site "http://www.queenalice.com/game.php?id=726062"]
[Date "2010.2.5"]
[Round "1"]
[White "Manero"]
[Black "Superpoderosa"]
[Result "0-1"]
[WhiteElo "1991"]
[BlackElo "2124"]

1. e4 c6 2. d4 d5 3. Nd2 dxe4 4. Nxe4 Bf5 5. Ng3 Bg6 6. Nf3 h6 7. Bd3 Bxd3 8.
Qxd3 Nf6 9. O-O e6 10. c3 Be7 11. Re1 O-O 12. h3 Qc7 13. Ne5 Nbd7 14. f4 Nd5 0-1

[Event "AUTO-MASTER-1051"]
[Site "http://www.queenalice.com/game.php?id=735349"]
[Date "2010.2.21"]
[Round "1"]
[White "Superpoderosa"]
[Black "Corinthiano_SP"]
[Result "0-1"]
[WhiteElo "2121"]
[BlackElo "2299"]

1. e4 c5 2. Nf3 d6 3. c3 e6 4. d4 cxd4 5. cxd4 Nf6 6. Nc3 Be7 7. Bd3 Nbd7 8. O-O
O-O 9. Re1 a6 10. h3 b5 11. Be3 Bb7 12. a3 Rc8 13. Rc1 Nb6 14. Bb1 Nc4 15. Bg5
h6 16. Bh4 g5 17. Bg3 Nxb2 18. Qe2 Nc4 0-1

[Event "AUTO-MASTER-1051"]
[Site "http://www.queenalice.com/game.php?id=735364"]
[Date "2010.2.21"]
[Round "1"]
[White "Superpoderosa"]
[Black "Manero"]
[Result "0-1"]
[WhiteElo "2114"]
[BlackElo "2036"]

1. d4 Nf6 2. Nf3 g6 3. c4 Bg7 4. Nc3 O-O 5. e4 d6 6. Bd3 c6 7. O-O Ne8 8. Be3 e5
9. h3 Qc7 10. Qd2 Nd7 11. Bc2 exd4 12. Nxd4 Ne5 13. b3 a6 14. f4 Nd7 15. Rae1
Nc5 16. Nde2 f5 17. e5 Ne6 0-1

[Event "AUTO-MASTER-1051"]
[Site "http://www.queenalice.com/game.php?id=735365"]
[Date "2010.2.21"]
[Round "1"]
[White "Manero"]
[Black "Superpoderosa"]
[Result "1-0"]
[WhiteElo "2055"]
[BlackElo "2100"]

1. e4 c5 2. Nf3 d6 3. d4 cxd4 4. Nxd4 a6 5. Be2 e6 6. O-O Nf6 7. Nd2 Qc7 8. c3
Be7 9. Bd3 Nc6 10. Re1 O-O 11. N2b3 Bd7 12. h3 Rac8 13. Be3 Rfd8 14. Qd2 Ne5 15.
Bb1 Nc4 16. Qd3 Nxb2 17. Qc2 Qxc3 18. Qxc3 1-0

[Event "AUTO-MASTER-1051"]
[Site "http://www.queenalice.com/game.php?id=735366"]
[Date "2010.2.21"]
[Round "1"]
[White "Superpoderosa"]
[Black "Herivelto"]
[Result "1-0"]
[WhiteElo "2126"]
[BlackElo "1855"]

1. c4 e5 2. Nf3 Nc6 3. Nc3 Nf6 4. e3 d6 5. d4 e4 6. Nd2 Bf5 7. a3 a6 8. Qc2 d5
9. cxd5 Ne7 10. Ncxe4 Nexd5 11. Bd3 Be7 12. Nxf6+ Bxf6 13. Bxf5 g6 14. Bd3 O-O
15. O-O Rc8 16. Nf3 b5 17. e4 Ne7 18. e5 Bg7 19. b4 Nd5 20. Qc6 Nb6 21. Rd1 Re8
22. Be4 Re6 23. Qb7 Na4 24. Bg5 Qd7 25. Rdc1 h6 26. Be3 Kf8 27. Rc2 f5 28. Bc6
Qd8 29. d5 Rxc6 30. Rxc6 Nb6 31. Bxb6 Rb8 32. Bc5+ Kg8 33. Qxc7 Qxc7 34. Rxc7
1-0

[Event "AUTO-MASTER-1051"]
[Site "http://www.queenalice.com/game.php?id=735367"]
[Date "2010.2.21"]
[Round "1"]
[White "Herivelto"]
[Black "Superpoderosa"]
[Result "0-1"]
[WhiteElo "1878"]
[BlackElo "2121"]

1. Nf3 Nf6 2. c4 g6 3. b4 Bg7 4. Bb2 O-O 5. g3 d5 6. cxd5 Nxd5 7. Bxg7 Kxg7 8.
Bg2 Nxb4 9. Qc1 N8c6 10. a3 Nd5 11. Nc3 Nf6 12. O-O Kg8 13. e4 e5 14. d3 Qxd3
15. Qh6 Qxc3 16. Ng5 Qc5 17. Kh1 Re8 18. f4 Qf8 19. Qh4 h6 20. Nxf7 Qxf7 21.
fxe5 Nxe5 22. Rxf6 Qg7 23. Raf1 Be6 24. Qf4 Bc4 25. Rd1 Nd3 26. Qf3 Ne5 27. Qf4
Ng4 28. Rd7 Qxd7 29. Rxg6+ Kh7 30. Qxg4 Qxg4 0-1

[Event "AUTO-MASTER-1058"]
[Site "http://www.queenalice.com/game.php?id=739145"]
[Date "2010.2.28"]
[Round "1"]
[White "Superpoderosa"]
[Black "rhsatrhs"]
[Result "0-1"]
[WhiteElo "2132"]
[BlackElo "2057"]

1. d4 d6 2. e4 Nf6 3. Bd3 e5 4. c3 d5 5. dxe5 Nxe4 6. Bxe4 dxe4 7. Qa4+ Bd7 8.
Qxe4 Bc6 9. Qg4 h5 10. Qg3 h4 11. Qg4 Qd7 12. Qxd7+ Nxd7 13. f3 Nxe5 14. Nh3 Bc5
15. b4 Bb6 16. Nd2 Nd3+ 17. Ke2 O-O-O 18. a4 Rhe8+ 19. Kd1 Nxc1 20. Kxc1 Be3 21.
Rd1 Re6 22. Kc2 Red6 23. Nb3 Rxd1 24. Rxd1 Rxd1 25. Kxd1 Bxa4 26. Ke2 Bb6 27.
Nd4 Bxd4 28. cxd4 Kd7 29. Nf4 Bb3 30. Nh5 g6 31. Nf6+ Ke6 32. Ne4 Kd5 33. Kd3
Bc4+ 0-1

[Event "AUTO-MASTER-1058"]
[Site "http://www.queenalice.com/game.php?id=739146"]
[Date "2010.2.28"]
[Round "1"]
[White "rhsatrhs"]
[Black "Superpoderosa"]
[Result "1-0"]
[WhiteElo "2025"]
[BlackElo "2139"]

1. e4 c5 2. Nf3 d6 3. d4 cxd4 4. Nxd4 Nf6 5. Nc3 e6 6. g4 e5 7. Bb5+ Bd7 8.
Bxd7+ Qxd7 9. Nf5 g6 10. Bg5 Ng8 11. Ne3 h6 12. Bh4 Nc6 13. Ned5 Nd4 14. Bf6 Rh7
15. f4 Nc6 16. Nb5 Rc8 17. f5 a6 18. Nb6 Nxf6 19. Nxd7 Kxd7 20. Nc3 Nd4 21. h3
b5 22. Qd3 b4 23. Na4 Rxc2 24. Qxa6 gxf5 25. gxf5 Rg7 26. Qb7+ Kd8 27. Qxb4 Nf3+
28. Kf1 Rgg2 29. Qb6+ Ke7 30. Rd1 Nh5 31. Qxd6+ 1-0

[Event "AUTO-MASTER-1058"]
[Site "http://www.queenalice.com/game.php?id=739147"]
[Date "2010.2.28"]
[Round "1"]
[White "Superpoderosa"]
[Black "Mamediarov"]
[Result "0-1"]
[WhiteElo "2137"]
[BlackElo "2028"]

1. d4 d5 2. c4 c6 3. e3 Nf6 4. Nc3 e6 5. Nf3 Be7 6. Bd3 Nbd7 7. O-O O-O 8. Qc2
h6 9. h3 Re8 10. Re1 a6 11. b3 b6 12. Bb2 Bb7 13. Rad1 Rc8 14. Qb1 c5 15. cxd5
exd5 16. Ne2 Ne4 0-1

[Event "AUTO-MASTER-1058"]
[Site "http://www.queenalice.com/game.php?id=739148"]
[Date "2010.2.28"]
[Round "1"]
[White "Mamediarov"]
[Black "Superpoderosa"]
[Result "1-0"]
[WhiteElo "2048"]
[BlackElo "2122"]

1. d4 d5 2. c4 c6 3. e3 Nf6 4. Nf3 e6 5. Bd3 Be7 6. O-O Nbd7 7. Nc3 O-O 8. Re1
Re8 9. Qc2 h6 10. h3 a6 11. b3 b6 12. Bb2 Bb7 13. Rad1 Rc8 14. Qe2 dxc4 15. bxc4
Nf8 16. Ne5 c5 17. dxc5 1-0

[Event "AUTO-MASTER-1058"]
[Site "http://www.queenalice.com/game.php?id=739149"]
[Date "2010.2.28"]
[Round "1"]
[White "Superpoderosa"]
[Black "Corinthiano_SP"]
[Result "0-1"]
[WhiteElo "2083"]
[BlackElo "2306"]

1. d4 Nf6 2. c4 g6 3. Nc3 Bg7 4. e4 d6 5. Bd3 c6 6. Nge2 e5 7. O-O Nbd7 8. h3
O-O 9. d5 a6 10. Kh2 Qc7 11. b3 Nc5 12. Bc2 Bd7 13. Be3 Rad8 14. f3 a5 15. Qd2
Ne8 16. Rad1 f5 17. exf5 gxf5 18. a3 Na6 0-1

[Event "AUTO-MASTER-1058"]
[Site "http://www.queenalice.com/game.php?id=739150"]
[Date "2010.2.28"]
[Round "1"]
[White "Corinthiano_SP"]
[Black "Superpoderosa"]
[Result "1-0"]
[WhiteElo "2311"]
[BlackElo "2076"]

1. d4 Nf6 2. c4 g6 3. Nd2 Bg7 4. Ngf3 O-O 5. e3 d6 6. Be2 e5 7. O-O Nc6 8. d5
Ne7 9. Qc2 Nd7 10. e4 f5 11. Ng5 Nc5 12. b4 Na6 13. a3 c6 14. Bb2 Nc7 15. dxc6
bxc6 16. Rad1 h6 17. Ngf3 Kh7 18. Bd3 1-0